| 000 | 00485nam a2200193Ia 4500 | ||
|---|---|---|---|
| 005 | 20240823043534.0 | ||
| 008 | 240823s9999||||xx |||||||||||||| ||und|| | ||
| 020 | _a978-81-265-1045-0 | ||
| 041 | _aENGLISH | ||
| 082 | _A530.41 N3 | ||
| 100 | _aCharles Kittel | ||
| 245 | 0 | _aIntroduction to Solid State Physics | |
| 250 | _a5th | ||
| 260 |
_c1993 _bWiley India Pv _aNew Delhi |
||
| 500 | _aTRANSFERED | ||
| 650 |
_aSolid State Physics _bPhysics |
||
| 942 | _cBK | ||
| 999 |
_c210463 _d210463 |
||